000
00217nam a2200097Ia 4500
005
20251222121410.0
008
251222s1900||||xx |||||||||||||| ||spa||
082
_a
DVD0098/D82/1997
245
0
_a
Don Quijote:
942
_c
DVD
999
_c
2497
_d
2497